ADOLESCENT COUNSELING (Record no. 34758)

MARC details
000 -LEADER
fixed length control field 00383nam a22001697a 4500
003 - CONTROL NUMBER IDENTIFIER
control field SGT
020 ## - INTERNATIONAL STANDARD BOOK NUMBER
International Standard Book Number 97890356965843
082 ## - DEWEY DECIMAL CLASSIFICATION NUMBER
Classification number 616.89
Item number A25N
100 ## - MAIN ENTRY--PERSONAL NAME
Personal name NAIR, MKC
245 ## - TITLE STATEMENT
Title ADOLESCENT COUNSELING
250 ## - EDITION STATEMENT
Edition statement 2ND
260 ## - PUBLICATION, DISTRIBUTION, ETC. (IMPRINT)
Place of publication, distribution, etc NEW DELHI
Name of publisher, distributor, etc JAYPEE. BRO.PUB.
Year of Publication 2025
300 ## - PAGE DESCRIPTION
No. of Pages 318
650 ## - SUBJECT ADDED ENTRY--TOPICAL TERM
Topical term or geographic name as entry element MEDICAL
653 ## - KEYWORDS--INDEX TERM
Keyword term ADOLESCENT, COUNSELING, MEDICAL
942 ## - ADDED ENTRY ELEMENTS (KOHA)
Source of classification or shelving scheme Dewey Decimal Classification
Koha item type Books
Holdings
Withdrawn status Lost status Source of classification or shelving scheme Damaged status Not for loan Collection code Home library Current library Shelving location Date acquired Vendor Name Cost, normal purchase price SGTU Bill Number Total Checkouts Full call number Accession No. (Barcode) Date last seen Bill Date Koha item type Use restrictions
    Dewey Decimal Classification     AYURVEDA SGT FA-FP Library SGT FA-FP Library Text Book 01/05/2026 ABC PVT. LTD. 995.00 SGTU 22849   616.89 A25N FA13511 01/05/2026 08/04/2026 Books  
    Dewey Decimal Classification     AYURVEDA SGT FA-FP Library SGT FA-FP Library Text Book 01/05/2026 ABC PVT. LTD. 995.00 SGTU 22849   616.89 A25N FA13512 01/05/2026 08/04/2026 Books  
    Dewey Decimal Classification     AYURVEDA SGT FA-FP Library SGT FA-FP Library Text Book 01/05/2026 ABC PVT. LTD. 995.00 SGTU 22849   616.89 A25N FA13513 01/05/2026 08/04/2026 Books  
    Dewey Decimal Classification     AYURVEDA SGT FA-FP Library SGT FA-FP Library Reference Book 01/05/2026 ABC PVT. LTD. 995.00 SGTU 22849   616.89 A25N FA13514 01/05/2026 08/04/2026 Books Restricted Access
    Dewey Decimal Classification     AYURVEDA SGT FA-FP Library SGT FA-FP Library Text Book 01/05/2026 ABC PVT. LTD. 995.00 SGTU 22849   616.89 A25N FA13515 01/05/2026 08/04/2026 Books